000 00293nam a22001337a 4500
008 181121b xxu||||| |||| 00| 0 eng d
020 _a9780137000357
041 _aeng
080 _26 th
_a370
100 _a48
101 _aEDU
245 _aEffective Learning
_cCarter.B
942 _2udc
_cBK
999 _c52301
_d52301